| 000 | 00862nam a2200253Ia 4500 | ||
|---|---|---|---|
| 003 | OSt | ||
| 005 | 20221005112131.0 | ||
| 006 | a|||||r|||| 00| 0 | ||
| 007 | ta | ||
| 008 | 221004b |||||||| |||| 00| 0 pan d | ||
| 020 | _c200 | ||
| 024 | _a2651 | ||
| 037 |
_b691, 16/01/2013, Bright Book Service _cTextual |
||
| 040 |
_aCRL _cCRL _bpan |
||
| 041 |
_2pan _apan |
||
| 082 | _aQ8441:33:g, 153Q2 | ||
| 100 | _aਰਵੇਲ, ਰਵੇਲ ਸਿੰਘ | ||
| 245 | 0 | _aਸਚ ਕੀ ਬਾਣੀ ਨਾਨਕੁ ਆਖੈ | |
| 260 |
_aਅੰਮ੍ਰਿਤਸਰ _bਆਗ਼ਾਦ ਬੁੱਕ ਡੀਪੂ ਭਾਰਤ _c2012 |
||
| 300 |
_a256ਪੰ _ccm. |
||
| 650 | _aਧਰਮ | ||
| 942 |
_hQ8441:33:g, 153Q2 _cTEXL _2cc |
||
| 999 |
_c1023916 _d1023916 |
||